[Event "AUTO-OPEN-1129"]
[Site "http://www.queenalice.com/game.php?id=479960"]
[Date "2008.10.20"]
[Round "2"]
[White "Coreguaje"]
[Black "MQueST"]
[Result "0-1"]
[WhiteElo "2102"]
[BlackElo "2231"]

1. e4 c5 2. Nc3 Nc6 3. Nf3 d6 4. Bc4 e6 5. O-O Nf6 6. Re1 Be7 7. d4 cxd4 8. Nxd4
O-O 9. Nf3 Qb6 10. Qe2 Bd7 11. Bb3 Ng4 12. h3 Nf6 13. Be3 Qc7 14. Nb5 Qa5 15.
Bd2 Qb6 0-1

[Event "AUTO-OPEN-1129"]
[Site "http://www.queenalice.com/game.php?id=479961"]
[Date "2008.10.20"]
[Round "2"]
[White "MQueST"]
[Black "Coreguaje"]
[Result "1-0"]
[WhiteElo "2239"]
[BlackElo "2092"]

1. d4 Nf6 2. c4 g6 3. Nc3 d5 4. Nf3 Bg7 5. cxd5 Nxd5 6. e4 Nxc3 7. bxc3 c5 8.
Rb1 cxd4 9. cxd4 O-O 10. Be2 Qa5+ 11. Qd2 Qxd2+ 12. Bxd2 Nc6 13. d5 Nd4 14. Nxd4
Bxd4 15. Bb4 f5 16. Bxe7 1-0

[Event "AUTO-OPEN-1129"]
[Site "http://www.queenalice.com/game.php?id=479966"]
[Date "2008.10.20"]
[Round "2"]
[White "Random314"]
[Black "MQueST"]
[Result "0-1"]
[WhiteElo "1692"]
[BlackElo "2230"]

1. e4 c5 2. c4 e5 3. Nf3 Nf6 4. d3 Nc6 5. Nc3 d6 6. Be2 Be7 7. Ng5 h6 8. Nf3 O-O
9. h3 Qb6 10. b3 Bd7 11. O-O Nd4 12. Be3 Rac8 13. Rb1 Qa5 14. Na4 b5 15. cxb5
Bxb5 16. Bd2 Qa6 17. Nc3 Nxe2+ 18. Nxe2 Bxd3 19. Qe1 Bxe2 20. a4 Bxf1 21. Qxf1
Qxf1+ 22. Kxf1 Nxe4 23. Be3 Rb8 24. b4 Rxb4 25. Rxb4 cxb4 26. Bxa7 b3 27. Be3 b2
0-1

[Event "AUTO-OPEN-1129"]
[Site "http://www.queenalice.com/game.php?id=479967"]
[Date "2008.10.20"]
[Round "2"]
[White "MQueST"]
[Black "Random314"]
[Result "1-0"]
[WhiteElo "2247"]
[BlackElo "1724"]

1. d4 Nf6 2. c4 d6 3. Nc3 g6 4. Nf3 Bg7 5. h3 b6 6. e4 Nbd7 7. Bd3 Bb7 8. O-O c6
9. e5 Nh5 10. exd6 e6 11. Re1 O-O 12. Be3 Qf6 13. Bg5 Qxg5 14. Nxg5 Ndf6 15. Qf3
Bh6 16. h4 Rab8 17. Be4 Nxe4 18. Ncxe4 f5 19. Nc3 c5 20. Qe3 Rfe8 21. d7 Re7 22.
dxc5 Nf6 23. Rad1 Rd8 24. Qe5 Bxg5 25. hxg5 Nxd7 26. Qc7 Rde8 27. Rxd7 Kf7 28.
Nd5 Bxd5 29. cxd5 Kf8 30. Rxe6 Rxe6 31. Rf7+ Kg8 32. Rg7+ 1-0

[Event "Ronin"]
[Site "http://www.queenalice.com/game.php?id=484043"]
[Date "2008.10.27"]
[Round "3"]
[White "MQueST"]
[Black "kulalking"]
[Result "1-0"]
[WhiteElo "2255"]
[BlackElo "2276"]

1. d4 Nf6 2. c4 e5 3. dxe5 Ng4 4. Bf4 Nc6 5. Nf3 Bb4+ 6. Nc3 Qe7 7. Qd5 Bxc3+ 8.
bxc3 Qa3 9. Rc1 Qxa2 10. h3 Nh6 11. e4 Na5 12. Nd4 O-O 13. g4 c6 14. Qd6 f6 15.
Bxh6 gxh6 16. exf6 Nxc4 17. Qf4 d6 18. Qxh6 Rf7 19. Be2 Ne5 20. g5 c5 21. Nf3
Ng6 22. Nd2 Qa3 23. O-O Nf4 24. Bc4 d5 25. Bxd5 Nxd5 26. exd5 Qb2 27. g6 hxg6
28. Qxg6+ Kf8 29. Nc4 Qa2 30. Ne5 Qxd5 31. Rfd1 Bf5 32. Qh6+ Kg8 33. Rxd5 Rh7
34. f7+ Rxf7 35. Nxf7 Kxf7 36. Rxf5+ Ke7 37. Re1+ Kd7 38. Rf7+ Kd8 39. Qf8# 1-0

[Event "TOP MASTERS QA"]
[Site "http://www.queenalice.com/game.php?id=505175"]
[Date "2008.12.9"]
[Round "4"]
[White "sergiogvh"]
[Black "MQueST"]
[Result "0-1"]
[WhiteElo "1979"]
[BlackElo "2251"]

1. e4 c5 2. d4 cxd4 3. c3 dxc3 4. Nxc3 e6 5. Bc4 Bc5 6. Nf3 Ne7 7. O-O O-O 8.
Na4 Bb4 9. a3 Ba5 10. b4 d5 11. Bd3 Bc7 12. Bb2 Ng6 13. Nc3 d4 0-1

[Event "AUTO-MASTER-583"]
[Site "http://www.queenalice.com/game.php?id=506843"]
[Date "2008.12.12"]
[Round "2"]
[White "Tonyc"]
[Black "MQueST"]
[Result "1-0"]
[WhiteElo "1962"]
[BlackElo "2191"]

1. d4 d5 2. c4 c6 3. Nc3 e6 4. Nf3 Nf6 5. e3 Nbd7 6. Be2 Bd6 7. h3 O-O 8. a3
dxc4 9. Bxc4 Nb6 10. Bd3 Qe7 11. e4 e5 12. dxe5 Bxe5 13. Nxe5 Qxe5 14. O-O Be6
15. Qe2 Rad8 16. Be3 Bb3 17. f4 Qd6 18. e5 Qxd3 19. Qxd3 Rxd3 20. Bxb6 axb6 21.
exf6 gxf6 22. a4 Re8 23. Ra3 Bc4 24. f5 Rde3 25. Rf4 Bd3 26. Rb3 b5 27. axb5
Bxb5 28. Ra3 Re1+ 29. Kh2 Bf1 30. Ra7 R8e7 31. Ra8+ Re8 32. Rxe8+ Rxe8 33. Rxf1
Kf8 34. Rf4 Rd8 35. Rh4 Kg8 36. Rg4+ Kf8 37. Ne4 1-0

[Event "AUTO-MASTER-583"]
[Site "http://www.queenalice.com/game.php?id=506844"]
[Date "2008.12.12"]
[Round "2"]
[White "MQueST"]
[Black "Tonyc"]
[Result "0-1"]
[WhiteElo "2211"]
[BlackElo "1935"]

1. d4 Nf6 2. c4 e6 3. Nf3 Be7 4. Nc3 h6 5. a3 O-O 6. e4 d6 7. Bd3 c5 8. d5 e5 9.
O-O Bg4 10. h3 Bh5 11. b4 Nbd7 12. Be3 Qc7 13. Qb3 Bxf3 14. gxf3 a6 15. Kh1 Qc8
16. Rfb1 cxb4 17. axb4 Nh7 18. Qd1 Bg5 19. Qe1 Bxe3 20. Qxe3 b5 21. Rg1 Kh8 22.
f4 bxc4 23. Bf1 Rb8 24. Qg3 g6 25. fxe5 dxe5 26. Ra4 Rb6 27. Qe3 g5 28. Be2 Rf6
29. Rc1 Nb6 30. Ra5 Qb7 31. Rca1 Ra8 32. Rc5 Nf8 33. Bxc4 Nfd7 34. Bb3 Nxc5 35.
bxc5 Nd7 36. Na4 Rb8 0-1

[Event "AUTO-MASTER-583"]
[Site "http://www.queenalice.com/game.php?id=506847"]
[Date "2008.12.12"]
[Round "2"]
[White "MQueST"]
[Black "Elemptis"]
[Result "0-1"]
[WhiteElo "2246"]
[BlackElo "2270"]

1. d4 Nf6 2. c4 e6 3. Nc3 Bb4 4. a3 Bxc3+ 5. bxc3 Ne4 6. Bf4 c5 7. e3 Nxc3 8.
Qc2 Qa5 9. Qd2 Nc6 10. Rc1 Ne4 11. Qxa5 Nxa5 12. Bd3 f5 13. f3 Nf6 14. Ne2 b6
15. Be5 Ba6 16. Nf4 cxd4 17. exd4 Rc8 18. Bxf6 gxf6 19. c5 Bxd3 20. Nxd3 Nb3 21.
Rb1 Nxd4 22. cxb6 axb6 23. Rxb6 Nc2+ 24. Kf2 Nxa3 25. Rc1 Ke7 26. Nc5 Rb8 27.
Ra6 Ra8 28. Rb6 Rhb8 29. Rxb8 Rxb8 30. Nd3 e5 31. h3 Rb3 32. Ke2 Nb5 33. Rc8
Nd4+ 34. Kd2 Ra3 35. Rh8 Ra2+ 0-1

[Event "AUTO-MASTER-583"]
[Site "http://www.queenalice.com/game.php?id=506848"]
[Date "2008.12.12"]
[Round "2"]
[White "Elemptis"]
[Black "MQueST"]
[Result "1-0"]
[WhiteElo "2253"]
[BlackElo "2263"]

1. e4 c5 2. Nf3 a6 3. c4 Nc6 4. d4 cxd4 5. Nxd4 Nf6 6. Nc3 d6 7. Nxc6 bxc6 8.
Be2 Rb8 9. O-O Qa5 10. a3 Bd7 11. Qd3 Qc7 12. b4 e5 13. Rd1 Be6 14. Bg5 h6 15.
Bxf6 gxf6 16. b5 Bg7 17. a4 O-O 18. a5 cxb5 19. cxb5 Rbc8 20. Nd5 Bxd5 21. Qxd5
axb5 22. Bxb5 Rfd8 23. a6 f5 24. exf5 Qa7 25. Rac1 Rxc1 26. Rxc1 Rb8 27. g3 Qe7
28. Bd3 Bf6 29. Be4 Bg5 30. Rb1 Rxb1+ 31. Bxb1 Bf6 32. Be4 h5 33. Qb7 1-0

[Event "AUTO-OPEN-1129"]
[Site "http://www.queenalice.com/game.php?id=511971"]
[Date "2008.12.24"]
[Round "3"]
[White "MQueST"]
[Black "ronyjarod"]
[Result "0-1"]
[WhiteElo "2274"]
[BlackElo "2488"]

1. d4 Nf6 2. c4 e6 3. a3 d5 4. cxd5 exd5 5. Nf3 Bd6 6. Qc2 O-O 7. Nc3 Be6 8. Bg5
h6 9. Bh4 Nbd7 10. e3 Rc8 11. Bd3 c5 12. O-O c4 13. Bh7+ Kh8 14. Bf5 Qa5 15.
Rfe1 Rfe8 16. Bxe6 Rxe6 17. Qf5 g6 18. Qh3 Kg7 19. Bg3 Bxg3 20. hxg3 Ne4 21.
Rac1 Ndf6 22. Re2 Nxc3 23. Rxc3 Ne4 24. Rcc2 c3 25. Re1 cxb2 26. Rxc8 Qxe1+ 27.
Nxe1 b1=Q 28. Kf1 Qb5+ 29. Kg1 Qe2 30. Rc1 Nxf2 0-1

[Event "Ronin"]
[Site "http://www.queenalice.com/game.php?id=554830"]
[Date "2009.3.12"]
[Round "4"]
[White "Quaff"]
[Black "MQueST"]
[Result "1-0"]
[WhiteElo "1741"]
[BlackElo "2251"]

1. e4 c5 2. f4 d5 3. exd5 Qxd5 4. Nc3 Qe6+ 5. Be2 Qg6 6. Bf3 Nf6 7. Nge2 a6 8.
d3 Nc6 9. O-O Bh3 10. Kh1 Bd7 11. Ne4 1-0

[Event "AUTO-OPEN-1123"]
[Site "http://www.queenalice.com/game.php?id=570493"]
[Date "2009.4.11"]
[Round "3"]
[White "MQueST"]
[Black "Silver_Mosquito"]
[Result "0-1"]
[WhiteElo "2156"]
[BlackElo "2156"]

1. d4 d5 2. c4 c6 3. Nf3 Nf6 4. cxd5 cxd5 5. e3 Nc6 6. Bd3 e6 7. O-O Bd6 8. h3
O-O 9. Nc3 a6 10. a3 Re8 0-1

[Event "Let's Play Chess!"]
[Site "http://www.queenalice.com/game.php?id=850590"]
[Date "2010.10.29"]
[Round "-"]
[White "P17"]
[Black "MQueST"]
[Result "1-0"]
[WhiteElo "2105"]
[BlackElo "2105"]

1. g3 d5 2. Bg2 e5 3. c4 d4 4. b4 Nf6 5. a3 c5 6. bxc5 Bxc5 7. d3 O-O 8. Bg5
Nbd7 9. Nd2 Be7 10. Ngf3 h6 11. Bxf6 Bxf6 12. O-O Be7 13. e3 dxe3 14. fxe3 Bc5
15. d4 exd4 16. exd4 Be7 17. a4 Bf6 18. Ne4 Be7 19. a5 Rb8 20. c5 Nf6 21. Nxf6+
Bxf6 22. Ra3 Bg4 23. d5 b6 24. axb6 axb6 25. c6 Be5 26. Qd2 Qd6 27. Nxe5 Qxe5
28. Rc3 Rbc8 29. d6 Rfd8 30. Rd3 Qc5+ 31. Qf2 Be6 32. Re1 Rxd6 33. Qxc5 1-0

[Event "AUTO-OPEN-2148"]
[Site "http://www.queenalice.com/game.php?id=852287"]
[Date "2010.10.30"]
[Round "1"]
[White "Rubens2009"]
[Black "MQueST"]
[Result "1-0"]
[WhiteElo "1785"]
[BlackElo "2133"]

1. e4 c5 2. Nf3 Nc6 3. Bc4 e6 4. d4 cxd4 5. Nxd4 e5 6. Nxc6 bxc6 7. Qf3 Qe7 8.
Nc3 Nf6 9. Bg5 Bb7 10. Rd1 h6 11. Bxf6 Qxf6 12. Qxf6 gxf6 13. Rd3 Bb4 14. O-O
Ke7 15. Ne2 Ba5 16. Rfd1 Rad8 17. Ng3 Bc8 18. Nf5+ Kf8 19. Nd6 Kg7 20. Nxf7 Rhf8
21. Nxd8 Rxd8 22. a3 Kf8 23. Rg3 Ke7 24. Rg7+ Ke8 25. Rh7 1-0

[Event "AUTO-OPEN-2148"]
[Site "http://www.queenalice.com/game.php?id=852288"]
[Date "2010.10.30"]
[Round "1"]
[White "MQueST"]
[Black "Rubens2009"]
[Result "1-0"]
[WhiteElo "2104"]
[BlackElo "1707"]

1. d4 d5 2. Nf3 e6 3. Nc3 Bb4 4. a3 Ba5 5. b4 Bb6 6. Na4 Ne7 7. c3 c6 8. Nxb6
axb6 9. Bf4 O-O 10. e3 Ng6 11. Bg3 f5 12. h3 Nd7 13. Bd3 Nf6 14. O-O Nh5 15. Bh2
b5 16. Ne5 Qg5 17. Nxg6 hxg6 18. Bd6 Rf7 19. a4 bxa4 20. Rxa4 Rxa4 21. Qxa4 Qd8
22. Be5 b5 23. Qa8 Qd7 24. Ra1 Kh7 25. Be2 Nf6 26. Qb8 Ne4 27. Ra3 g5 28. f3 Nd2
29. Ra2 Nc4 30. Bxc4 dxc4 31. Ra8 Bb7 32. Qh8+ Kg6 33. Rg8 f4 34. exf4 gxf4 35.
Qh4 Rf5 36. Rxg7+ Qxg7 37. Bxg7 Kxg7 38. Qe7+ Rf7 39. Qxe6 1-0

[Event "AUTO-OPEN-2148"]
[Site "http://www.queenalice.com/game.php?id=852313"]
[Date "2010.10.30"]
[Round "1"]
[White "MQueST"]
[Black "Tecodamara"]
[Result "0-1"]
[WhiteElo "2135"]
[BlackElo "2469"]

1. d4 Nf6 2. c4 e6 3. Nc3 d5 4. c5 b6 5. b4 a5 6. bxa5 bxc5 7. dxc5 Bxc5 8. Qa4+
Bd7 9. Qc2 O-O 10. Bd2 Nc6 11. e3 Qe7 12. Rc1 Nb4 13. Qb1 Rfb8 14. Qa1 Rxa5 0-1

[Event "AUTO-OPEN-2148"]
[Site "http://www.queenalice.com/game.php?id=852314"]
[Date "2010.10.30"]
[Round "1"]
[White "Tecodamara"]
[Black "MQueST"]
[Result "1-0"]
[WhiteElo "2477"]
[BlackElo "2111"]

1. d4 d5 2. c4 c6 3. e3 Nf6 4. Nf3 Bf5 5. Bd3 Ne4 6. O-O e6 7. Qc2 Na6 8. a3 Bd6
9. c5 Bc7 10. Nc3 Nxc3 11. Bxf5 Ne2+ 12. Qxe2 exf5 13. b4 O-O 14. b5 Nb8 15. Bd2
Nd7 16. Rab1 Nf6 17. bxc6 bxc6 18. Qa6 Qc8 19. Rb7 Bb8 20. Rfb1 Ne4 21. g3 f6
22. Kg2 Rf7 23. R7b6 Rc7 24. Qxc8+ Rxc8 25. Ra6 Nxd2 26. Nxd2 Kf8 27. Rb7 h6 28.
Nb3 h5 29. Na5 1-0

[Event "AUTO-OPEN-2148"]
[Site "http://www.queenalice.com/game.php?id=852316"]
[Date "2010.10.30"]
[Round "1"]
[White "deltaboy"]
[Black "MQueST"]
[Result "1-0"]
[WhiteElo "2302"]
[BlackElo "2110"]

1. e4 e5 2. Nc3 Nf6 3. Nf3 Nc6 4. Bc4 h6 5. d3 Bc5 6. O-O O-O 7. Na4 Be7 8. a3
Na5 9. Ba2 d6 10. h3 c5 11. b4 cxb4 12. axb4 Nc6 13. c3 b5 14. Nb2 Nd7 15. Bd5
Bb7 16. Be3 Nf6 17. Bxc6 Bxc6 18. Bxa7 Qc7 19. Be3 Rxa1 20. Qxa1 Ra8 21. Qb1 d5
22. Rc1 dxe4 23. Ne1 exd3 24. Nexd3 Be4 25. f3 Bg6 26. Qc2 Nd5 27. Bd2 Rc8 28.
Qb3 Qc6 29. Nxe5 Qd6 30. Nxg6 fxg6 31. Be3 Kh8 32. Bc5 Qd7 33. Rd1 Bxc5+ 34.
bxc5 Rxc5 35. Qa3 Qc6 36. Qb3 Nf6 37. Rd3 Nd5 38. Nd1 Nf4 39. Rd8+ Kh7 40. Qg8#
1-0